Statistics for Ashes 2017-18 Squads

Click here to take the quiz!

General Stats

  • This quiz has been taken 126 times
    (90 since last reset)
  • The average score is 20 of 31

Answer Stats

RolePlayer% Correct
Middle Order BatsmanSteve Smith
95%
Opening BatsmanAlastair Cook
88%
Fast-Medium BowlerStuart Broad
86%
Opening BatsmanDavid Warner
85%
Fast-Medium BowlerJames Anderson
85%
WicketkeeperJonny Bairstow
85%
Off Spin BowlerNathan Lyon
84%
Middle Order BatsmanJoe Root
82%
Fast BowlerMitchell Starc
82%
All RounderMoeen Ali
78%
WicketkeeperTim Paine
78%
Middle Order BatsmanUsman Khawaja
78%
Fast BowlerPat Cummins
75%
Fast-Medium BowlerJosh Hazlewood
74%
Opening BatsmanCameron Bancroft
68%
Fast-Medium BowlerChris Woakes
64%
Opening BatsmanMark Stoneman
64%
Middle Order BatsmanDawid Malan
60%
WicketkeeperBen Foakes
59%
Middle Order BatsmanJames Vince
59%
Leg Spin BowlerMason Crane
55%
All RounderMitchell Marsh
55%
Middle Order BatsmanShaun Marsh
53%
Fast-Medium BowlerCraig Overton
47%
Fast-Medium Bowler*Steven Finn
44%
Fast-Medium BowlerJake Ball
42%
Fast-Medium BowlerTom Curran
42%
Middle Order BatsmanPeter Handscomb
40%
Fast-Medium BowlerJackson Bird
37%
Middle Order BatsmanGary Ballance
34%
Medium BowlerChadd Sayers
29%

Score Distribution

Percentile by Number Answered

Percent of People with Each Score

Your Score History

You have not taken this quiz since the last reset